=LDR 00000nam 2200000 4500 =001 INLIS000000000004463 =005 20250717125154 =035 ##$$a 0010-0725000274 =007 ta =008 250717###########################0#ind## =020 ##$$a - =082 ##$$a 091 =084 ##$$a 091 BAD t =245 1#$$a The Role Of The IUD in The Indosesia National Family Panning Program : $b - /$c Badan Koordinasi Keluarga Berencana Nasional =250 ##$$a Pertama =260 ##$$a Jakarta :$b Badan Koordinasi Keluarga Berencana Nasional,$c 1984 =300 ##$$a 31 halaman : $b ilus ; $c 22 cm$e - =110 #$$a Badan Koordinasi Keluarga Berencana Nasional. =600 #4$$a Program KB =856 ##$$a Perpustakaan BKKBN